000 01622nam a2200277Ia 4500
001 10547
003 GE_BSU
008 181216s||||||||xx |||||||||||||| ||und||
020 _a9789941180767
040 _cGE_BSU
080 _a81'255=14'04+091(=353.1)+27-277.2
100 _aოთხმეზური,თამარ
245 _aკომენტარული ჟანრი შუა საუკუნეების ქართულ მთარგმნელობით ტრადიციაში
245 _bეფრემ მცირე დაც გრიგოლ ღვთისმეტყველის თხზულებათა კომენტარები
245 _cრედ. ანა ხარანაული
260 _aთბილისი
260 _bილიას სახ.უნ–ტი
260 _c2011
300 _a318გვ.24სმ.
300 _bბიბლიოგრ.ტექსტის შენიშვნ.გვ.289-310
300 _eსაკუთარ სახელთა საძ.გვ.311-317.რეზ.ინგ.ენაზე
541 _h12ლ.90თ.
653 _aთარგმანი ბიზანტიური ენიდან; ლიტურგიული ტექსტების კომენტარები; ქართული ხელნაწერები
653 _aკომენტარული ჟანრი შუა საუკუნეების ქართულ მთარგმნელობით ტრადიციაში
942 _cBK
999 _c43802
_d43802